Normal view
MARC view
- Kurson , Robert
Entry Personal Name
001 - CONTROL NUMBER
- control field: 134085
003 - CONTROL NUMBER IDENTIFIER
- control field: NUST
005 - DATE AND TIME OF LATEST TRANSACTION
- control field: 20260413154629.0
008 - FIXED-LENGTH DATA ELEMENTS
- fixed length control field: 260413|| aca||aabn | a|a d
040 ## - CATALOGING SOURCE
- Original cataloging agency: NUST
- Transcribing agency: NUST
100 ## - HEADING--PERSONAL NAME
- Personal name: Kurson , Robert
670 ## - SOURCE DATA FOUND
- Source citation: Work cat.: (NUST): Kurson , Robert., Crashing Through: A True Story of Risk, Adventure, and the Man Who Dared to See /, 2007.
